000 00669nam a2200181Ia 4500
008 100921s9999 xx 000 0 und d
082 _b18049
_a928 थ 80
100 _aसाठे शंकर भाऊ.
245 _aमाझा भाऊ अण्णाभाऊ.
260 _bसुगावा प्रकाशन, पुणे.
_c1980
300 _a131
_b---
365 _b15
520 _aचरित्रे-साहित्यिक.
630 _aमाझा भाऊ अण्णाभाऊ.
650 _aचरित्रे-साहित्यिक.
730 _aमाझा भाऊ अण्णाभाऊ.
942 _cBOOK
999 _c767162
_d767159